000 00252nam a2200097Ia 4500
005 20250424112934.0
008 250424s9999 xx 000 0 und d
300 _aviii, 32 p. :ill. ; 30 cm.
650 _aAbdomen--Cancer--Ultrasonic imaging.
942 _cSR
999 _c37990
_d37990